书目信息 |
| 题名: |
中国历代人名大辞典
|
|
| 作者: | 张伪之 编 | |
| 分册: | ||
| 出版信息: | 上海 上海古籍出版社 1999.12 |
|
| 页数: | 1443页 | |
| 开本: | 16开 | |
| 丛书名: | ||
| 单 册: | ||
| 中图分类: | Z32 | |
| 科图分类: | ||
| 主题词: | 词典--中国 | |
| 电子资源: | ||
| ISBN: | 7-5325-2548-1 | |
| 000 | 00565nam0 2200193 45 | |
| 001 | 0012091560 | |
| 005 | 20001209151102.5 | |
| 010 | @a7-5325-2548-1@d180.00元 | |
| 100 | @a20001209d1999 km y0chiy0120 ea | |
| 101 | 0 | @achi |
| 105 | @a z 000yy | |
| 200 | 1 | @a中国历代人名大辞典@AZhong Guo Li Dai Ren Ming Da Ci Dian@f张伪之等编@FZhang Wei Zhi Deng Bian |
| 210 | @a上海@c上海古籍出版社@d1999.12 | |
| 215 | @a1443页@d16开 | |
| 606 | 0 | @a词典@x中国 |
| 690 | @aZ32@v3 | |
| 701 | 0 | @a张伪之@4编 |
| 801 | @aCN@bPftUser@c20001209 | |
| 905 | @b300980-981@dZ32@eZH966:2@f2 | |
| 中国历代人名大辞典/张伪之等编.-上海:上海古籍出版社,1999.12 |
| 1443页;16开 |
| ISBN 7-5325-2548-1:180.00元 |
| ● |
| 相关链接 |
|
|
|
正题名:中国历代人名大辞典
索取号:Z32/ZH966:2
 
预约/预借
| 序号 | 登录号 | 条形码 | 馆藏地/架位号 | 状态 | 备注 |
| 1 | 300980 | 203009804 | 自科库501/501自科库 133排7列1层/ [索取号:Z32/ZH966:2] | 在馆 | |
| 2 | 300981 | 203009813 | 自科库501/501自科库 133排7列1层/ [索取号:Z32/ZH966:2] | 在馆 |